Разработка организационно-технических мероприятий по использованию криогелей для повышения несущей способности грунтов при строительстве и эксплуатации технических объектов в нефтегазовой отрасли; Иерархические материалы: разработка и приложения для новых технологий и надежных конструкций

Библиографические подробности
Источник:Иерархические материалы: разработка и приложения для новых технологий и надежных конструкций.— 2018.— [С. 784]
Автор-организация: Национальный исследовательский Томский политехнический университет Инженерная школа природных ресурсов Отделение нефтегазового дела
Другие авторы: Алтунина Л. К. Любовь Константиновна, Бурков В. П. Владимир Петрович, Бурков П. В. Пётр Владимирович, Дудников В. Ю., Осадчая Г. Г., Ле Тхи Тху Тхуи
Примечания:Заглавие с экрана
Режим доступа: по договору с организацией-держателем ресурса
Язык:русский
Опубликовано: 2018
Серии:Увеличение нефтегазоотдачи, подготовка, транспорт нефти и газа
Предметы:
Online-ссылка:http://dx.doi.org/10.17223/9785946217408/532
https://elibrary.ru/item.asp?id=36749430
Формат: Электронный ресурс Статья
Запись в KOHA:https://koha.lib.tpu.ru/cgi-bin/koha/opac-detail.pl?biblionumber=659945

MARC

LEADER 00000nla2a2200000 4500
001 659945
005 20241219063140.0
035 |a (RuTPU)RU\TPU\network\28777 
035 |a RU\TPU\network\28775 
090 |a 659945 
100 |a 20190405a2018 k y0rusy50 ca 
101 0 |a rus 
102 |a RU 
105 |a y z 100zy 
135 |a drgn ---uucaa 
181 0 |a i  
182 0 |a b 
200 1 |a Разработка организационно-технических мероприятий по использованию криогелей для повышения несущей способности грунтов при строительстве и эксплуатации технических объектов в нефтегазовой отрасли  |f Л. К. Алтунина [и др.] 
203 |a Текст  |c электронный 
225 1 |a Увеличение нефтегазоотдачи, подготовка, транспорт нефти и газа 
300 |a Заглавие с экрана 
333 |a Режим доступа: по договору с организацией-держателем ресурса 
463 0 |0 (RuTPU)RU\TPU\network\28560  |t Иерархические материалы: разработка и приложения для новых технологий и надежных конструкций  |o международный симпозиум, 1-5 октября 2018 года, Томск, Россия  |o тезисы докладов международной конференции "Перспективные материалы с иерархической структурой для новых технологий и надежных конструкций"  |o тезисы докладов международной конференции "Химия нефти и газа"  |f Российская академия наук (РАН), Сибирское отделение (СО), Институт физики прочности и материаловедения (ИФПМ) ; Российская академия наук (РАН), Сибирское отделение (СО), Институт химии нефти (ИХН) ; Национальный исследовательский Томский политехнический университет (ТПУ)  |v [С. 784]  |d 2018 
610 1 |a электронный ресурс 
610 1 |a труды учёных ТПУ 
610 1 |a организационно-технические мероприятия 
610 1 |a криогели 
610 1 |a несущая способность 
610 1 |a грунты 
610 1 |a строительство 
610 1 |a эксплуатация 
610 1 |a технические объекты 
610 1 |a нефтегазовая отрасль 
701 1 |a Алтунина  |b Л. К.  |c российский химик  |c директор Института химии нефти СО РАН  |f 1944-  |g Любовь Константиновна  |2 stltpush  |3 (RuTPU)RU\TPU\pers\12090 
701 1 |a Бурков  |b В. П.  |c геолог  |c ассистент кафедры Томского политехнического университета  |f 1986-  |g Владимир Петрович  |2 stltpush  |3 (RuTPU)RU\TPU\pers\37860 
701 1 |a Бурков  |b П. В.  |c инженер-механик  |c профессор Томского политехнического университета и Юргинского технологического института (филиала) Томского политехнического университета, доктор технических наук  |f 1957-  |g Пётр Владимирович  |7 ca  |8 rus  |2 stltpush  |3 (RuTPU)RU\TPU\pers\24291  |9 10756 
701 1 |a Дудников  |b В. Ю. 
701 1 |a Осадчая  |b Г. Г. 
701 0 |a Ле Тхи Тху Тхуи 
712 0 2 |a Национальный исследовательский Томский политехнический университет  |b Инженерная школа природных ресурсов  |b Отделение нефтегазового дела  |h 8084  |2 stltpush  |3 (RuTPU)RU\TPU\col\23546 
801 2 |a RU  |b 63413507  |c 20191118  |g RCR 
856 4 |u http://dx.doi.org/10.17223/9785946217408/532 
856 4 |u https://elibrary.ru/item.asp?id=36749430 
942 |c CF